000
00199 a2200109 4500
020
_a
9780786852406
041
_a
spa
100
_a
Alma Flor Ada
245
_a
Mama Goose
942
_c
BK
952
_7
1
999
_c
22688
_d
22688